000
00270nam a2200109Ia 4500
008
220204s9999 xx 000 0 und d
082
_a
82-3MB
_b
ALL
100
_a
Allyne, Kerry
245
0
_a
Across the great divide
260
_a
London
_b
Mills and Boon
_c
1979
942
_c
BK
999
_c
35704
_d
35704